Score 0/9 Timer 00:45
0 Plays Today
% Correct
Rambo
97.2%
Legolas
91.9%
Merida
91.2%
Robin Hood
90.5%
Green Arrow
90.2%
Hawkeye
88.8%
Katniss Everdeen
88%
Lara Croft
87.9%
Susan Pevensie
87.7%
Remove Ads.
Support Sporcle.
Get the best of Sporcle when you Go Orange. This ad-free experience offers more features, more stats, and more fun while also helping to support Sporcle. Thank you for becoming a member.

You're not logged in!

Compare scores with friends on all Sporcle quizzes.
OR
Log In

Show Comments

Extras

Top Quizzes Today


Score Distribution

Your Account Isn't Verified!

In order to create a playlist on Sporcle, you need to verify the email address you used during registration. Go to your Sporcle Settings to finish the process.

Report this User

Report this user for behavior that violates our Community Guidelines.

Details: